Aktuálne zdravotné poistenie

Bibliographic Details
Main Author: Pauličková, Alena, 1955- (Author)
Format: Article
Language:Slovak
ISSN:1335-4701
Subjects:

MARC

LEADER 00000nab a2200000 a 4500
001 vtls000802681
003 SK-MaSNL
005 20260302151347.0
008 140301c2002 xo 0 slo
015 |a SNBRB2002/08-24970 
035 |a CLN000154336 
040 |a SNKBUCL  |b slo  |c SNKBUCL  |e AACR2 
041 0 |a slo 
044 |a xo  |c SK 
080 |a 368.415(437.6)  |2 1997 
100 1 |a Pauličková, Alena,  |d 1955-  |4 aut  |9 202027 
245 1 0 |a Aktuálne zdravotné poistenie  |c Alena Pauličková 
650 0 7 |a poistenie zdravotné  |z Slovensko  |2 snkbucl  |9 840251 
655 7 |a články z novín a časopisov  |2 snkbucl  |9 267496 
773 0 |t Hospodárske noviny  |g Roč. 10, č. 137 (18.7.2002), s. 19  |x 1335-4701 
850 |a Slovenská národná knižnica v Martine 
852 |a SNK  |b KIS3GCP 
958 |a SK 
992 |a RBX 
999 |c 1359622  |d 1361552